Strzelcy bramek w 33 kolejce Bundesligi w sezonie 2020/21. - Statystyki

Ogólne statystyki
  • Ten quiz został rozwiązany 9 razy
  • Średni wynik to 7 z 28
Statystyki odpowiedzi
Mecz Piłkarz % Poprawnych
Freiburg - Bayern 0:1 Lewandowski
89%
Freiburg - Bayern 1:2 Sane
78%
Schalke - Frankfurt 1:1 Silva
56%
Schalke - Frankfurt 4:3 Silva
56%
Monchengladbach - Stuttgart 1:0 Stindl
44%
Leverkusen - Union Berlin 1:0 Wirtz
44%
Schalke - Frankfurt 4:2 Hoppe
33%
Schalke - Frankfurt 1:0 Huntelaar
33%
Bielefeld - Hoffenheim 0:1 Kramaric
33%
Mainz - Dortmund 0:3 Brandt
22%
Augsburg - Werder Brema 2:0 Caligiuri
22%
Mainz - Dortmund 0:1 Guerreiro
22%
Monchengladbach - Stuttgart 1:2 Kalajdzic
22%
Augsburg - Werder Brema 1:0 Khedira
22%
Mainz - Dortmund 0:2 Reus
22%
Monchengladbach - Stuttgart 1:1 Endo
11%
Freiburg - Bayern 2:2 Gunter
11%
RB Lipsk - Wolfsburg 1:2 Kluivert
11%
Mainz - Dortmund 1:3 Quaison
11%
RB Lipsk - Wolfsburg 2:2 Sabitzer
11%
Schalke - Frankfurt 3:2 Flick
0%
Freiburg - Bayern 1:1 Gulde
0%
Schalke - Frankfurt 2:2 Idrizi
0%
Schalke - Frankfurt 1:2 N'Dicka
0%
RB Lipsk - Wolfsburg 0:1 Philipp
0%
RB Lipsk - Wolfsburg 0:2 Philipp
0%
Leverkusen - Union Berlin 1:1 Pohjanpalo
0%
Bielefeld - Hoffenheim 1:1 Voglsammer
0%
Nie znaleziono quizów pasujących do podanych kryteriów
Rozkład punktacji
Procent ludzi z każdym wynikiem
Percentyl według liczby udzielonych odpowiedzi
Twoja historia wyników
Nie rozwiązałeś tego quizu